000 00366nam a22001217a 4500
008 230314b |||||||| |||| 00| 0 eng d
082 _a333.73
100 _aMinistry of Agriculture and Forests
245 _aIntegrated watershed management plan for Wangdigang-Dechugang Watershed
_b(Zhemgang Dzongkhag)
260 _cJune 2018
300 _a35 p.
_c24 cm
942 _2ddc
999 _c9424
_d9425